|
|
|
|
| LEADER |
01304ppm a22002658a 4500 |
| 001 |
00046300 |
| 005 |
20210126080136.0 |
| 008 |
170627s2017 ||||||viesd |
| 041 |
0 |
# |
|a vie
|
| 082 |
1 |
4 |
|b PH110TR
|a 516.007
|
| 100 |
1 |
# |
|a Trần, Văn Tảo
|
| 245 |
0 |
0 |
|c Trần Văn Tảo; Lê Xuân Trường (hướng dẫn)
|a Phát triển tư duy biện chứng cho học sinh trong dạy học chương 3 - Phương pháp tọa độ trong mặt phẳng hình học 10
|b Luận văn thạc sĩ khoa học giáo dục. Chuyên ngành: LL và PP dạy học bộ môn Toán . Mã số: 8.14.01.11
|
| 260 |
# |
# |
|b Đại học Đồng Tháp
|c 2020
|a Đồng Tháp
|
| 300 |
# |
# |
|a 87tr. + phụ lục
|c 30 cm
|e 1 bản tóm tắt
|
| 500 |
# |
# |
|a ĐTTS ghi: Bộ giáo dục và đào tạo. Trường Đại học Đồng tháp
|
| 653 |
# |
# |
|a Hình học 10
|
| 653 |
# |
# |
|a Tư duy biện chứng
|
| 653 |
# |
# |
|a Trung học phổ thông
|
| 653 |
# |
# |
|a Học sinh
|
| 653 |
# |
# |
|a Luận văn
|
| 653 |
# |
# |
|a Phương pháp tọa độ
|
| 700 |
1 |
# |
|a Lê, Xuân Trường
|e Hướng dẫn
|
| 852 |
# |
# |
|j LV.0002784
|
| 910 |
0 |
# |
|d 26/01/2021
|
| 980 |
# |
# |
|a Trung tâm Học liệu Lê Vũ Hùng, Trường Đại học Đồng Tháp
|